[Event "Biel Open"]
[Site "Biel SUI"]
[Date "1994.??.??"]
[Round "5"]
[White "Chehlov, Aleksander"]
[Black "Maric, Alisa"]
[Result "0-1"]
[WhiteElo "2280"]
[BlackElo "2415"]
[PlyCount "130"]
[EventDate "1994.07.??"]
[Source "www.chesslib.no"]
[SourceDate "2004.05.04"]

1. e4 e5 2. f4 exf4 3. Nf3 Be7 4. Bc4 Nf6 5. e5 Ng4 6. d4 d5 7. exd6 Bxd6 8. Qe2+ Ne3 9. Bxe3 fxe3 10. Qxe3+ Qe7 11. Qxe7+ Bxe7 12. Nc3 O-O 13. O-O Nd7 14. Rae1 Bd8 15. Nd5 c6 16. Ne7+ Bxe7 17. Rxe7 Nb6 18. Bb3 Nd5 19. Bxd5 cxd5 20. Ne5 f6 21. Nd3 Rf7 22. Re8+ Rf8 23. Re3 Bd7 24. Nc5 Bb5 25. Rfe1 b6 26. Ne6 Rf7 27. Nf4 Rd7 28. Re7 Rad8 29. h4 Kf8 30. R7e3 Kf7 31. c3 Bc4 32. b3 Ba6 33. h5 Bc8 34. Ne6 Rh8 35. Kf2 g5 36. hxg6+ hxg6 37. Nf4 g5 38. Nd3 Rc7 39. Rf3 Kg7 40. Nb4 Rd8 41. Nc2 Kg6 42. Rc1 Be6 43. Ne1 Rdc8 44. Re3 Bf5 45. Nf3 b5 46. Nd2 a5 47. Kf3 Kf7 48. a3 Bg6 49. Kf2 Bf5 50. Kf3 Rd8 51. Ree1 Ra7 52. Kf2 Be6 53. Re3 b4 54. axb4 axb4 55. c4 Ra2 56. Ke1 Rh8 57. Re2 Rh4 58. c5 Bc8 59. c6 Rh1+ 60. Nf1 Rxf1+ 61. Kxf1 Ba6 62. c7 Bxe2+ 63. Kg1 Bg4 64. c8=Q Bxc8 65. Rxc8 Rd2 0-1

[Event "Montpellier"]
[Site "?"]
[Date "2005.07.03"]
[Round "1.5"]
[White "Borzakian Manouk"]
[Black "Hebden Mark"]
[Result "0-1"]
[WhiteElo "2185"]
[BlackElo "2510"]
[PlyCount "34"]
[EventDate "2005.??.??"]
[Source "www.chesslib.no"]
[SourceDate "2004.05.04"]

1. e4 e5 2. f4 exf4 3. Nf3 Be7 4. Bc4 Nf6 5. e5 Ng4 6. d4 Bh4+ 7. Kf1 d6 8. exd6 O-O 9. Bxf4 cxd6 10. Nxh4 Qxh4 11. Qf3 Nc6 12. c3 Nge5 13. dxe5 dxe5 14. g3 Qh3+ 15. Qg2 exf4 16. gxf4 Qe3 17. h4 Qxf4+ 0-1

[Event "Oberliga Nord W9899"]
[Site "Germany"]
[Date "1999.??.??"]
[Round "?"]
[White "Schwekendiek, Ulrich"]
[Black "Hermann, Manfred"]
[Result "1/2-1/2"]
[WhiteElo "2340"]
[BlackElo "2355"]
[PlyCount "146"]
[EventDate "1998.??.??"]
[Source "www.chesslib.no"]
[SourceDate "2004.05.04"]

1. e4 e5 2. f4 exf4 3. Nf3 Be7 4. Bc4 Nf6 5. e5 Ng4 6. O-O Nc6 7. d4 O-O 8. Bxf4 d6 9. exd6 Bxd6 10. Qd2 Bxf4 11. Qxf4 Qd6 12. Qxd6 cxd6 13. Bb3 Na5 14. Re1 Bf5 15. Na3 a6 16. Bd5 Nf6 17. c4 Rac8 18. Rac1 Nxd5 19. cxd5 b5 20. Nd2 Rxc1 21. Rxc1 Rc8 22. Rxc8+ Bxc8 23. Nc2 f5 24. g3 Kf7 25. Kf2 Kf6 26. Nb4 Bb7 27. b3 g5 28. Ke3 Bc8 29. Nf3 h6 30. Ne1 Kg6 31. Ned3 Kf6 32. Nb2 Kg6 33. Nd1 Kf6 34. Nf2 Bb7 35. Kf3 Kg6 36. Nd1 Kf6 37. Ne3 Kg6 38. Nec2 Kf6 39. Na1 Kg6 40. Nac2 Kf6 41. Ne3 Bc8 42. g4 f4 43. Nd1 Ke7 44. Nf2 Bb7 45. Ne4 Kd7 46. Nf6+ Ke7 47. Ng8+ Kd7 48. Ke4 Nxb3 49. axb3 a5 50. Nc2 f3 51. Ne3 f2 52. Nxh6 a4 53. bxa4 bxa4 54. Nhf5 a3 55. Ng3 a2 56. Nc2 Ba6 57. Na1 f1=Q 58. Nxf1 Bxf1 59. Kf5 Ke7 60. Kxg5 Bh3 61. Kh4 Bg2 62. Kh5 Bf3 63. Kg5 Kf7 64. h4 Kg7 65. h5 Bxd5 66. h6+ Kf7 67. Nc2 Be4 68. Na1 Ke6 69. Nb3 Kf7 70. Na1 Bh7 71. Nb3 Ke6 72. Na1 Bb1 73. Nb3 Bh7 1/2-1/2

[Event "Lyon Open"]
[Site "Lyon FRA"]
[Date "1990.??.??"]
[Round "?"]
[White "Gallagher, Joseph G"]
[Black "Schmeidler, Martin"]
[Result "0-1"]
[WhiteElo "2470"]
[BlackElo "2220"]
[PlyCount "48"]
[EventDate "1990.12.??"]
[Source "www.chesslib.no"]
[SourceDate "2004.05.04"]

1. e4 e5 2. f4 exf4 3. Nf3 Be7 4. Bc4 Nf6 5. e5 Ng4 6. Nc3 O-O 7. d4 Ne3 8. Bxe3 fxe3 9. Qe2 d6 10. O-O Nc6 11. exd6 Bxd6 12. Qxe3 Bf5 13. Rf2 Qd7 14. Raf1 Rae8 15. Qd2 Na5 16. Bb5 c6 17. Bd3 Bxd3 18. Qxd3 f6 19. Ne4 b6 20. Nh4 Bb8 21. b4 Nb7 22. Ng5 fxg5 23. Qb3+ Qd5 24. Nf5 Bf4 0-1

[Event "Campionato tedesco 2007"]
[Site "Bad Königshofen GER"]
[Date "2007.01.20"]
[Round "2"]
[White "Jahrsdörfer, Gerd"]
[Black "Meister, Jakob"]
[Result "0-1"]
[WhiteElo "2176"]
[BlackElo "2491"]
[PlyCount "92"]
[EventDate "2007.01.19"]
[Source "www.chesslib.no"]
[SourceDate "2004.05.04"]

1. e4 e5 2. f4 exf4 3. Nf3 Be7 4. Bc4 Nf6 5. e5 Ng4 6. O-O Nc6 7. d4 d5 8. Be2 Ne3 9. Bxe3 fxe3 10. c3 Bg5 11. Nxg5 Qxg5 12. Rf3 Ne7 13. Qd3 Bg4 14. Rg3 h5 15. Bxg4 hxg4 16. h3 Qf4 17. Qxe3 Qxe3+ 18. Rxe3 Nf5 19. Rd3 gxh3 20. gxh3 Ke7 21. Nd2 Rh5 22. Kh2 Rah8 23. Rg1 Rh4 24. Rg5 g6 25. Kg2 Ng7 26. Rg4 Rxg4+ 27. hxg4 Ne6 28. Rf3 c5 29. Nb3 b6 30. Rf2 g5 31. dxc5 bxc5 32. Rd2 Nf4+ 33. Kg1 Rc8 34. Rh2 Ng6 35. Re2 Ke6 36. Nd2 Nxe5 37. Nf3 f6 38. Nxe5 fxe5 39. Rf2 c4 40. Rf5 Rb8 41. Rxg5 Rxb2 42. Rg6+ Ke7 43. Ra6 d4 44. Rxa7+ Kf6 45. Kf1 dxc3 46. Ke1 Rb1+ 0-1

[Event "FRA Team Ch"]
[Site "France"]
[Date "1989.??.??"]
[Round "?"]
[White "Berthelot, Yannick"]
[Black "Steczkowski, Kazimierz"]
[Result "1/2-1/2"]
[WhiteElo "2320"]
[BlackElo "2330"]
[PlyCount "72"]
[EventDate "1989.??.??"]
[Source "www.chesslib.no"]
[SourceDate "2004.05.04"]

1. e4 e5 2. f4 exf4 3. Nf3 Be7 4. Bc4 Nf6 5. e5 Ng4 6. O-O Nc6 7. d4 d5 8. exd6 Bxd6 9. Qe1+ Qe7 10. Qxe7+ Kxe7 11. Re1+ Kf8 12. Nc3 Nb4 13. Bb3 Bf5 14. Ne4 Ne3 15. Nxd6 cxd6 16. Bxe3 fxe3 17. Rxe3 Nxc2 18. Bxc2 Bxc2 19. Rae1 Bf5 20. Re7 Be6 21. Rxb7 h6 22. Nd2 Kg8 23. Ne4 Bd5 24. Rc7 Bxa2 25. Nxd6 Kh7 26. Ree7 Rhb8 27. Nxf7 Rxb2 28. Nd6 Rg8 29. Nf5 Bd5 30. Rxg7+ Rxg7 31. Rxg7+ Kh8 32. Rg3 a5 33. Ne7 Be4 34. d5 Rd2 35. h3 Bxd5 36. Nxd5 Rxd5 1/2-1/2

[Event "RUS-ch 1/2 fin"]
[Site "?"]
[Date "2002.??.??"]
[Round "5"]
[White "Skliarov Dimitrij"]
[Black "Geller Jakov"]
[Result "1/2-1/2"]
[WhiteElo "2229"]
[BlackElo "2417"]
[PlyCount "55"]
[EventDate "2002.??.??"]
[Source "www.chesslib.no"]
[SourceDate "2004.05.04"]

1. e4 e5 2. f4 exf4 3. Nf3 Be7 4. Bc4 Nf6 5. Nc3 c6 6. e5 Ng4 7. Ne4 O-O 8. O-O Nxe5 9. Nxe5 d5 10. Bb3 dxe4 11. Nxf7 Rxf7 12. Rxf4 Bf6 13. Qh5 g6 14. Qh6 Qf8 15. Rxf6 Qxh6 16. Rxf7 Kh8 17. d3 e3 18. Rf3 Bf5 19. Bxe3 Qg7 20. c3 c5 21. g4 Nc6 22. gxf5 Rf8 23. f6 Rxf6 24. Rxf6 Qxf6 25. Rf1 Qh4 26. Rf8+ Kg7 27. Rf7+ Kh8 28. Rf8+ 1/2-1/2

[Event "Aberdeen SCO"]
[Site "Aberdeen SCO"]
[Date "1995.??.??"]
[Round "?"]
[White "Nelson, Jonathan"]
[Black "Parker, Jonathan"]
[Result "0-1"]
[WhiteElo "2245"]
[BlackElo "2400"]
[PlyCount "48"]
[EventDate "1995.??.??"]
[Source "www.chesslib.no"]
[SourceDate "2004.05.04"]

1. e4 e5 2. f4 exf4 3. Nf3 Be7 4. Bc4 Nf6 5. e5 Ng4 6. O-O O-O 7. d4 d5 8. Be2 Ne3 9. Bxe3 fxe3 10. Qd3 f5 11. Qxe3 Be6 12. Qb3 Nc6 13. Nbd2 Rb8 14. Rad1 g5 15. c3 g4 16. Ne1 Bg5 17. Qc2 Be3+ 18. Kh1 f4 19. Nb3 Qh4 20. Nc5 Bf5 21. Bd3 Ne7 22. g3 fxg3 23. Qg2 Bf2 24. Bxf5 Nxf5 0-1

[Event "WchJ-U16"]
[Site "WchJ-U16 Singapore"]
[Date "1990.??.??"]
[Round "?"]
[White "Votava, Jan"]
[Black "Liss, Eran"]
[Result "1/2-1/2"]
[WhiteElo "2340"]
[BlackElo "2300"]
[PlyCount "45"]
[EventDate "1990.??.??"]
[Source "www.chesslib.no"]
[SourceDate "2004.05.04"]

1. e4 e5 2. f4 exf4 3. Nf3 Be7 4. Bc4 Nf6 5. e5 Ne4 6. d3 d5 7. Bb3 Nc5 8. Bxf4 O-O 9. O-O f6 10. Nc3 Nxb3 11. axb3 Nc6 12. Qe1 fxe5 13. Nxe5 Nd4 14. Qd2 c6 15. Be3 Nf5 16. d4 Nd6 17. Rxf8+ Qxf8 18. Bg5 Bf5 19. Rf1 Qd8 20. Bxe7 Qxe7 21. g4 Be4 22. Nxe4 Nxe4 23. Qf4 1/2-1/2

[Event "Augsburg"]
[Site "Augsburg GER"]
[Date "1989.??.??"]
[Round "2"]
[White "Senner, Peter"]
[Black "Renner, Christoph"]
[Result "0-1"]
[WhiteElo "2270"]
[BlackElo "2340"]
[PlyCount "104"]
[EventDate "1989.??.??"]
[Source "www.chesslib.no"]
[SourceDate "2004.05.04"]

1. e4 e5 2. f4 exf4 3. Nf3 Be7 4. Bc4 Nf6 5. e5 Ng4 6. Nc3 d6 7. exd6 Bxd6 8. Qe2+ Qe7 9. Qxe7+ Kxe7 10. O-O Be6 11. Bxe6 fxe6 12. d4 Nc6 13. Ne4 Raf8 14. c4 Kd7 15. Bd2 Be7 16. Rae1 Rf5 17. h3 Nh6 18. b4 a6 19. a4 Nf7 20. b5 axb5 21. axb5 Ncd8 22. Rd1 Rf8 23. Bc3 Ke8 24. Rfe1 b6 25. d5 e5 26. c5 bxc5 27. b6 cxb6 28. d6 Bf6 29. Rb1 Ne6 30. Rxb6 Nfd8 31. d7+ Kxd7 32. Nd6 Rh5 33. Ra1 Nc6 34. Raa6 Ned8 35. Ne4 Be7 36. Rb5 Rhf5 37. Ba5 Nxa5 38. Raxa5 Nc6 39. Ra6 Rc8 40. Nfd2 Nd8 41. Nc4 Rc6 42. Ra7+ Rc7 43. Ra6 Rb7 44. Nxc5+ Bxc5+ 45. Rxc5 Nf7 46. Rd5+ Ke7 47. Rc5 g6 48. Rcc6 Kf8 49. Re6 Rc7 50. Nd2 Ng5 51. Ra8+ Kg7 52. Ree8 Rd7 0-1

[Event "POL-chT U20"]
[Site "?"]
[Date "1999.??.??"]
[Round "?"]
[White "Jakubowski Krzysztof"]
[Black "Liwak Przemyslaw"]
[Result "0-1"]
[WhiteElo "2320"]
[BlackElo "2270"]
[PlyCount "40"]
[EventDate "1999.??.??"]
[Source "www.chesslib.no"]
[SourceDate "2004.05.04"]

1. e4 e5 2. f4 exf4 3. Nf3 Be7 4. Bc4 Nf6 5. e5 Ng4 6. O-O Nc6 7. d4 d6 8. exd6 Bxd6 9. Qe1+ Qe7 10. Ng5 O-O 11. Qxe7 Bxe7 12. Nxf7 Nxd4 13. Bxf4 Be6 14. Bd3 Rxf7 15. Nd2 Raf8 16. g3 g5 17. c3 Nc6 18. h3 Bc5+ 19. Kg2 gxf4 20. hxg4 f3+ 0-1

[Event "Andorra zt"]
[Site "Andorra"]
[Date "1987.??.??"]
[Round "?"]
[White "Magalotti, Andrea"]
[Black "Izeta Txabarri, Felix"]
[Result "0-1"]
[WhiteElo "2205"]
[BlackElo "2380"]
[PlyCount "24"]
[EventDate "1987.03.??"]
[Source "ChessBase"]

1. e4 e5 2. f4 exf4 3. Nf3 Be7 4. Bc4 Nf6 5. e5 Ng4 6. d4 d5 7. Bd3 Bh4+ 8. Kf1 Nf2 9. Qe2 Nxh1 10. Bxf4 Nf2 11. Nxh4 Nxd3 12. Bg3 Nf4 0-1

[Event "Sevilla op"]
[Site "Sevilla"]
[Date "1999.??.??"]
[Round "6"]
[White "Vega, F."]
[Black "Durao, J."]
[Result "1-0"]
[WhiteElo "2410"]
[BlackElo "2170"]
[PlyCount "61"]
[EventDate "1999.??.??"]
[Source "www.chesslib.no"]
[SourceDate "2004.05.04"]

1. e4 e5 2. f4 exf4 3. Nf3 Be7 4. Bc4 Nf6 5. e5 Ng4 6. d4 d5 7. exd6 Bxd6 8. Qe2+ Kf8 9. O-O Nc6 10. Nc3 Bf5 11. Bd2 Qf6 12. Rae1 Nxd4 13. Nxd4 Qxd4+ 14. Kh1 g5 15. Nb5 Qb6 16. Bc3 f6 17. h3 h5 18. Bd4 c5 19. Qf3 cxd4 20. Nxd6 Bg6 21. Qa3 Kg7 22. Re7+ Kh6 23. hxg4 hxg4 24. Bd3 Bxd3 25. cxd3 Kg6+ 26. Kg1 Rh5 27. Kf2 f3 28. gxf3 gxf3 29. Ke1 Qc6 30. Nc4 g4 31. Qd6 1-0

[Event "HUN Team Ch 9394"]
[Site "HUN"]
[Date "1994.??.??"]
[Round "?"]
[White "Grabics, Monika"]
[Black "Karacsony, Attila"]
[Result "1/2-1/2"]
[WhiteElo "2295"]
[BlackElo "2270"]
[PlyCount "108"]
[EventDate "1993.??.??"]
[Source "www.chesslib.no"]
[SourceDate "2004.05.04"]

1. e4 e5 2. f4 exf4 3. Nf3 Be7 4. Bc4 Nf6 5. e5 Ng4 6. O-O Nc6 7. d4 d5 8. Bb3 Ne3 9. Bxe3 fxe3 10. Qd3 e2 11. Qxe2 Na5 12. Ba4+ Bd7 13. Bxd7+ Qxd7 14. Nbd2 O-O 15. Qf2 Rac8 16. Nh4 f6 17. Qf5 Qxf5 18. Nxf5 Rce8 19. Nxe7+ Rxe7 20. exf6 Rxf6 21. Rxf6 gxf6 22. Kf2 Kf7 23. b3 Nc6 24. c3 Nd8 25. Nf1 c6 26. Ne3 Re4 27. g3 Ke6 28. a4 a5 29. Rb1 Nf7 30. b4 axb4 31. Rxb4 Nd6 32. Kf3 Kf7 33. a5 Re8 34. g4 Ke6 35. Nf5 Ra8 36. Nxd6 Kxd6 37. Rxb7 Rxa5 38. Rxh7 Ra3 39. h4 Rxc3+ 40. Kf4 Ke6 41. g5 fxg5+ 42. hxg5 c5 43. Rh6+ Kf7 44. dxc5 Rxc5 45. Rf6+ Kg7 46. Rd6 Rb5 47. Kg4 Rb1 48. Rxd5 Kg6 49. Rd6+ Kg7 50. Rd3 Kg6 51. Rg3 Rb4+ 52. Kh3 Rb5 53. Kh4 Rb4+ 54. Rg4 Rb1 1/2-1/2

[Event "BL qual"]
[Site "GER"]
[Date "1991.??.??"]
[Round "?"]
[White "Rother, Christoph"]
[Black "Troltenier, Dirk"]
[Result "0-1"]
[WhiteElo "2310"]
[BlackElo "2250"]
[PlyCount "34"]
[EventDate "1991.??.??"]
[Source "www.chesslib.no"]
[SourceDate "2004.05.04"]

1. e4 e5 2. f4 exf4 3. Nf3 Be7 4. Bc4 Nf6 5. Nc3 Nc6 6. d4 Nxe4 7. Bxf7+ Kxf7 8. Nxe4 d5 9. Nfg5+ Kg8 10. Bxf4 dxe4 11. c3 Qd5 12. O-O Bxg5 13. Bxg5 h6 14. Bf6 gxf6 15. Rxf6 Kg7 16. Qf1 Be6 17. Qf2 e3 0-1

[Event "Australia op"]
[Site "Australia"]
[Date "1973.??.??"]
[Round "9"]
[White "Hay, Trevor"]
[Black "Viner, Phillip"]
[Result "1/2-1/2"]
[WhiteElo "2350"]
[BlackElo "2200"]
[PlyCount "111"]
[EventDate "1973.??.??"]
[Source "ChessBase"]

1. e4 e5 2. f4 exf4 3. Nf3 Be7 4. Bc4 Nf6 5. e5 Ng4 6. O-O d5 7. exd6 Qxd6 8. d4 O-O 9. Nc3 Be6 10. Ne4 Qb6 11. Bxe6 fxe6 12. Nfg5 h6 13. Qxg4 hxg5 14. c3 Rf5 15. h4 gxh4 16. Bxf4 Nd7 17. Bg5 Bxg5 18. Nxg5 Raf8 19. Rxf5 Rxf5 20. Re1 Qxb2 21. Nxe6 Qf2+ 22. Kh2 Rf7 23. Re2 Nf6 24. Qf3 Qxf3 25. gxf3 Nd5 26. Ng5 Re7 27. Rxe7 Nxe7 28. Kh3 Nd5 29. c4 Ne3 30. c5 c6 31. Kxh4 Nf5+ 32. Kg4 Nxd4 33. Kf4 b6 34. cxb6 axb6 35. Ke5 c5 36. Kd5 Kf8 37. f4 Ke7 38. Ne4 Kd7 39. a4 Ne6 40. f5 Nf4+ 41. Kc4 Kc6 42. f6 gxf6 43. Nxf6 Ng6 44. Ng4 Nf4 45. Ne5+ Kd6 46. Nf7+ Kc6 47. Ne5+ Kd6 48. Nf7+ Kc7 49. Ne5 Ne6 50. a5 bxa5 51. Kb5 Kd6 52. Nc4+ Kd5 53. Nb6+ Kd4 54. Kxa5 Nc7 55. Ka4 Kc3 56. Nd7 1/2-1/2

[Event "14.Seefeld(Casino) op"]
[Site "?"]
[Date "2003.09.20"]
[Round "8"]
[White "Schnider Gert"]
[Black "Hermann Manfred[42Oldenb"]
[Result "1/2-1/2"]
[WhiteElo "2213"]
[BlackElo "2327"]
[PlyCount "71"]
[EventDate "2003.??.??"]
[Source "www.chesslib.no"]
[SourceDate "2004.05.04"]

1. e4 e5 2. f4 exf4 3. Nf3 Be7 4. Bc4 Nf6 5. Nc3 Nxe4 6. Nxe4 d5 7. Bd3 dxe4 8. Bxe4 O-O 9. O-O Nd7 10. d4 Nf6 11. Bd3 Nh5 12. c3 g6 13. Qb3 c6 14. Bd2 Qb6 15. Qc2 c5 16. Kh1 Be6 17. Rae1 Rfe8 18. Re5 c4 19. Be4 Bg4 20. Re1 Kf8 21. Bd5 Nf6 22. Bxc4 Bxf3 23. gxf3 Bd6 24. Rxe8+ Rxe8 25. Rxe8+ Nxe8 26. Qb3 Qc7 27. Bf1 Qe7 28. c4 b6 29. Qd3 f5 30. Qe2 Qxe2 31. Bxe2 g5 32. b4 Be7 33. a4 Bf6 34. d5 Bd4 35. Kg2 Ke7 36. Kf1 1/2-1/2

[Event "Four Nations Team U20"]
[Site "Tjele"]
[Date "1994.??.??"]
[Round "2"]
[White "Gabrielsen, Trond"]
[Black "Pedersen, Nicolai V"]
[Result "1/2-1/2"]
[WhiteElo "2220"]
[BlackElo "2310"]
[PlyCount "97"]
[EventDate "1994.??.??"]
[Source "www.chesslib.no"]
[SourceDate "2004.05.04"]

1. e4 e5 2. f4 exf4 3. Nf3 Be7 4. Bc4 Nf6 5. e5 Ng4 6. d4 d5 7. exd6 Bxd6 8. Qe2+ Kf8 9. O-O Nc6 10. Nc3 Bf5 11. Ne4 h6 12. c3 Qe7 13. Nxd6 cxd6 14. Bxf4 Qxe2 15. Bxe2 d5 16. Nh4 Be6 17. h3 Nf6 18. Be5 Nxe5 19. dxe5 g5 20. Rxf6 gxh4 21. Raf1 Ke7 22. R1f4 Rag8 23. Rxh4 Rg6 24. Rxg6 fxg6 25. Rf4 Bf5 26. g4 Bb1 27. Rf1 Bxa2 28. Ra1 Bc4 29. Bxc4 dxc4 30. Rxa7 Ke6 31. Rxb7 Kxe5 32. Kf2 Ke4 33. Rd7 Rf8+ 34. Ke2 Rb8 35. Rd4+ Ke5 36. Rxc4 Rxb2+ 37. Kf3 Rh2 38. Re4+ Kd5 39. c4+ Kc5 40. Kg3 Rc2 41. Re6 Rc3+ 42. Kg2 Rc2+ 43. Kf1 Rc1+ 44. Kf2 Rc2+ 45. Kf3 Rc3+ 46. Ke4 Rxc4+ 47. Ke5 Rc3 48. Rxg6 Rxh3 49. Kf6 1/2-1/2

[Event "Helsingborg-A"]
[Site "Helsingborg"]
[Date "1991.??.??"]
[Round "?"]
[White "Furhoff, Johan"]
[Black "Fridh, Anton"]
[Result "0-1"]
[WhiteElo "2295"]
[BlackElo "2235"]
[PlyCount "88"]
[EventDate "1991.??.??"]
[Source "www.chesslib.no"]
[SourceDate "2004.05.04"]

1. e4 e5 2. f4 exf4 3. Nf3 Be7 4. Bc4 Nf6 5. e5 Nh5 6. Nc3 d6 7. d4 Bg4 8. exd6 Qxd6 9. O-O O-O 10. Ne4 Qb6 11. c3 Nd7 12. Nf2 Be6 13. Bd3 g6 14. c4 Rad8 15. b4 c6 16. a3 Ndf6 17. Bb2 Ng4 18. Qd2 Ne3 19. Rfe1 Bxc4 20. Ng4 Bxd3 21. Qxd3 Nd5 22. Kh1 Rfe8 23. Re5 f5 24. Nh6+ Kg7 25. Nxf5+ gxf5 26. Qxf5 Nhf6 27. Ng5 Bd6 28. Ne6+ Rxe6 29. Rxe6 Qc7 30. Rae1 Qf7 31. Qg5+ Qg6 32. h4 Qxg5 33. hxg5 Ng4 34. Kg1 Nge3 35. g3 Nc4 36. Bc1 fxg3 37. R1e4 Rf8 38. Rh4 Rf2 39. Reh6 Rc2 40. Rxh7+ Kg6 41. R4h6+ Kf5 42. Rf7+ Kg4 43. Rf1 Nf4 44. Bxf4 Bxf4 0-1

[Event "Hessenliga 9596"]
[Site "Germany"]
[Date "1996.??.??"]
[Round "?"]
[White "Schaack, Harry"]
[Black "Buerger, Carsten"]
[Result "1/2-1/2"]
[WhiteElo "2285"]
[BlackElo "2235"]
[PlyCount "45"]
[EventDate "1996.??.??"]
[Source "www.chesslib.no"]
[SourceDate "2004.05.04"]

1. e4 e5 2. f4 exf4 3. Nf3 Be7 4. Bc4 Nf6 5. e5 Ng4 6. O-O Nc6 7. d4 d6 8. h3 d5 9. Bd3 Ne3 10. Bxe3 fxe3 11. c3 Be6 12. Qe1 Qd7 13. Qxe3 O-O-O 14. Ng5 Rdf8 15. Nxe6 fxe6 16. Nd2 h6 17. Nb3 Nd8 18. Bg6 b6 19. a4 Rxf1+ 20. Kxf1 Rf8+ 21. Kg1 a5 22. Qe2 Kb7 23. Nd2 1/2-1/2

[Event "EU-ch U20 Girls"]
[Site "Patras"]
[Date "2001.07.24"]
[Round "8"]
[White "Karlovich, Anastazia"]
[Black "Matras, Agnieszka"]
[Result "1/2-1/2"]
[WhiteElo "2295"]
[BlackElo "2218"]
[PlyCount "58"]
[EventDate "2001.07.16"]
[Source "ChessBase"]
[SourceDate "2001.09.11"]

1. e4 e5 2. f4 exf4 3. Nf3 Be7 4. Bc4 Nf6 5. e5 Ng4 6. O-O Nc6 7. d4 d5 8. exd6 Bxd6 9. h3 Nh6 10. Re1+ Ne7 11. Ne5 Bxe5 12. Rxe5 Nhf5 13. Bxf4 Qxd4+ 14. Qxd4 Nxd4 15. Nc3 Be6 16. Nb5 Nxb5 17. Bxe6 fxe6 18. Rxb5 O-O-O 19. Rc5 Nc6 20. c3 Rhf8 21. Bg5 Rd5 22. Rxd5 exd5 23. Rd1 Rf5 24. Bh4 g5 25. g4 Re5 26. Bg3 Re3 27. Kf2 d4 28. cxd4 Re4 29. d5 Ne5 1/2-1/2

[Event "Marijampole Open"]
[Site "Marijampole"]
[Date "1994.??.??"]
[Round "4"]
[White "Zvara, Petr"]
[Black "Skrebnevskis, Romanas"]
[Result "1-0"]
[WhiteElo "2325"]
[BlackElo "2185"]
[PlyCount "77"]
[EventDate "1994.??.??"]
[Source "www.chesslib.no"]
[SourceDate "2004.05.04"]

1. e4 e5 2. f4 exf4 3. Nf3 Be7 4. Bc4 Nf6 5. e5 Ng4 6. O-O Nc6 7. d4 d5 8. exd6 Bxd6 9. Qe1+ Ne7 10. h3 Nf6 11. Ne5 Bxe5 12. Qxe5 O-O 13. Qxf4 Ng6 14. Qf2 Be6 15. Bd3 c6 16. Nc3 Nd5 17. Nxd5 Qxd5 18. c4 Qd7 19. Be3 Rad8 20. Rad1 b6 21. b3 Qe7 22. Qg3 Rfe8 23. Bf2 Qa3 24. Bb1 b5 25. d5 cxd5 26. cxb5 f6 27. Bd4 Bf7 28. h4 Qe7 29. h5 Ne5 30. h6 Bh5 31. Rde1 Kh8 32. Rxe5 fxe5 33. Bxe5 Rg8 34. Rc1 Rde8 35. Bd4 Qf7 36. Rc7 Re1+ 37. Kh2 Re7 38. hxg7+ Rxg7 39. Rc8+ 1-0

[Event "Goodricke 10th op"]
[Site "Calcutta"]
[Date "1999.02.14"]
[Round "9"]
[White "Dongre, Ravindra Malidh"]
[Black "Neelakantan, Narayanan"]
[Result "0-1"]
[WhiteElo "2245"]
[BlackElo "2230"]
[PlyCount "48"]
[EventDate "1999.02.06"]
[Source "ChessBase"]
[SourceDate "1999.05.10"]

1. e4 e5 2. f4 exf4 3. Nf3 Be7 4. Bc4 Nf6 5. e5 Ng4 6. O-O O-O 7. d4 d5 8. Bd3 Ne3 9. Bxe3 fxe3 10. Qe1 c5 11. c3 Qb6 12. Qxe3 Nc6 13. Nbd2 Bg4 14. Kh1 Rac8 15. Qf4 Be6 16. dxc5 Qxb2 17. Rab1 Qxc3 18. Rb3 Qxc5 19. Ng5 Bxg5 20. Qxg5 h6 21. Qh4 Nd4 22. Rf6 Nxb3 23. Rxh6 Qc1+ 24. Bf1 gxh6 0-1

[Event "Corr"]
[Site "?"]
[Date "2002.06.15"]
[Round "?"]
[White "Versavel Franck"]
[Black "Chmiel Tadeusz (POL)"]
[Result "1/2-1/2"]
[WhiteElo "2268"]
[BlackElo "2206"]
[PlyCount "99"]
[EventDate "2002.??.??"]
[Source "www.chesslib.no"]
[SourceDate "2004.05.04"]

1. e4 e5 2. f4 exf4 3. Nf3 Be7 4. Bc4 Nf6 5. e5 Ng4 6. Nc3 d6 7. exd6 Bxd6 8. Qe2+ Qe7 9. Qxe7+ Kxe7 10. O-O Be6 11. Re1 Kd7 12. Bxe6+ fxe6 13. d4 Nc6 14. Ne4 Raf8 15. Bd2 Rf5 16. Rad1 Rd8 17. h3 Nf6 18. Nf2 b5 19. Nd3 Nd5 20. c3 g5 21. b3 a5 22. c4 bxc4 23. bxc4 Ndb4 24. Bxb4 Bxb4 25. Re4 h6 26. Kf1 Bf8 27. h4 Kc8 28. hxg5 hxg5 29. Nf2 Bg7 30. Rxe6 Nxd4 31. Ra6 Kb7 32. Rg6 Be5 33. Ne4 Ka7 34. Nxd4 Bxd4 35. Nxg5 c5 36. Ne6 Rd7 37. Rd3 Rb7 38. Nxd4 cxd4 39. Rxd4 f3 40. Rd2 fxg2+ 41. Kxg2 Rc5 42. Rc2 a4 43. Kf3 Re7 44. Rf6 Re1 45. Rf4 Kb6 46. Kf2 Rb1 47. Ke3 Rh5 48. c5+ Rxc5 49. Rxc5 Kxc5 50. Rxa4 1/2-1/2

[Event "4NCL 0001 Div-2"]
[Site "Birmingham"]
[Date "2001.01.28"]
[Round "6.5"]
[White "Neil, David"]
[Black "Jakubovics, Nick"]
[Result "0-1"]
[WhiteElo "2244"]
[BlackElo "2229"]
[PlyCount "58"]
[EventDate "2001.01.27"]
[Source "www.chesslib.no"]
[SourceDate "2004.05.04"]

1. e4 e5 2. f4 exf4 3. Nf3 Be7 4. Bc4 Nf6 5. e5 Ng4 6. O-O Nc6 7. d4 d5 8. exd6 Bxd6 9. Qe2+ Qe7 10. Qxe7+ Nxe7 11. Ng5 O-O 12. Bxf4 Nf5 13. Bxd6 Nxd6 14. Bb3 h6 15. Nf3 Bf5 16. Nc3 c6 17. Rae1 Nf6 18. Ne5 Bh7 19. Rf4 Rae8 20. Ref1 Re7 21. a4 a5 22. Nd1 Nfe4 23. Ba2 g5 24. R4f3 Nd2 25. Rf6 Nxf1 26. Rxd6 Nd2 27. Rxh6 Kg7 28. Rd6 f6 29. Nd7 Rd8 0-1

[Event "Woburn, MA"]
[Site "?"]
[Date "1998.01.31"]
[Round "3"]
[White "Sharp Dale Eugene"]
[Black "Cherniack Alex"]
[Result "0-1"]
[WhiteElo "2200"]
[BlackElo "2263"]
[PlyCount "36"]
[EventDate "1998.??.??"]
[Source "www.chesslib.no"]
[SourceDate "2004.05.04"]

1. e4 e5 2. f4 exf4 3. Nf3 Be7 4. Bc4 Nf6 5. e5 Ng4 6. d4 d5 7. exd6 Bxd6 8. O-O Nc6 9. Nc3 Bf5 10. Nd5 Be6 11. Qe2 O-O 12. Nxf4 Bxf4 13. Bxe6 Nxd4 14. Nxd4 Qxd4+ 15. Kh1 Bxc1 16. Bxg4 Bxb2 17. Rad1 Qc5 18. Rf5 Qc3 0-1

[Event "ch-Kaissa Club"]
[Site "?"]
[Date "2003.04.12"]
[Round "5"]
[White "Kozlov Yriy"]
[Black "Kostiuk Tatiana"]
[Result "1-0"]
[WhiteElo "2213"]
[BlackElo "2245"]
[PlyCount "73"]
[EventDate "2003.??.??"]
[Source "www.chesslib.no"]
[SourceDate "2004.05.04"]

1. e4 e5 2. f4 exf4 3. Nf3 Be7 4. Bc4 Nf6 5. e5 Ng4 6. O-O Nc6 7. d4 d5 8. exd6 Bxd6 9. Qe1+ Qe7 10. Qxe7+ Nxe7 11. Ng5 O-O 12. Bxf4 Bf5 13. Nc3 Bxf4 14. Rxf4 h6 15. Nge4 Ne3 16. Bb3 Be6 17. Re1 Ng6 18. Rf2 Ng4 19. Rf3 Bxb3 20. axb3 f5 21. h3 Nh4 22. Rff1 Nf6 23. Nxf6+ Rxf6 24. Re7 Rg6 25. Rf2 f4 26. Rxc7 Re8 27. Kf1 Nf5 28. Rxf4 Ne3+ 29. Kf2 Rxg2+ 30. Kf3 Rg1 31. Re4 Rxe4 32. Nxe4 Nf5 33. d5 Rd1 34. c4 Nd4+ 35. Kf4 Rd3 36. Rxb7 Rxh3 37. c5 1-0

[Event "Rubinstein Open"]
[Site "?"]
[Date "2001.08.25"]
[Round "10"]
[White "Karlovich Anastazia"]
[Black "Glazik Malgorzata"]
[Result "1-0"]
[WhiteElo "2295"]
[BlackElo "2151"]
[PlyCount "40"]
[EventDate "2001.??.??"]
[Source "www.chesslib.no"]
[SourceDate "2004.05.04"]

1. e4 e5 2. f4 exf4 3. Nf3 Be7 4. Bc4 Nf6 5. e5 Ne4 6. O-O O-O 7. d3 Bc5+ 8. d4 d5 9. Bd3 Be7 10. Bxf4 c5 11. c3 Nc6 12. Nbd2 Bf5 13. Qe2 cxd4 14. Nxd4 Nxd4 15. cxd4 Nxd2 16. Bxd2 Bxd3 17. Qxd3 Qb6 18. Rf3 Rac8 19. Rh3 h6 20. Rf1 Rc6 1-0